| 000 | 00838nam a2200253Ia 4500 | ||
|---|---|---|---|
| 003 | OSt | ||
| 005 | 20220923215415.0 | ||
| 006 | a|||||r|||| 00| 0 | ||
| 007 | ta | ||
| 008 | 220922b |||||||| |||| 00| 0 hin d | ||
| 024 | _a178,433 | ||
| 037 | _cTextual | ||
| 040 |
_aARTS _cARTS _bhin |
||
| 041 |
_2hin _ahin |
||
| 082 | _aO152,1M65,11:g, L3 | ||
| 100 |
_aअग्रवाल, माया _9156275 |
||
| 245 | 0 |
_aप्रिय प्रवास _b एक विवेचन |
|
| 246 | _aPriya pravāsa: ek vivechana | ||
| 260 |
_aदिल्ली _b अनीता प्रकाशन _c1973 |
||
| 300 |
_a399 पृ. _ccm. |
||
| 650 |
_aहिन्दी साहित्य _9156264 |
||
| 942 |
_hO152,1M65,11:g, L3 _cTEXL _2CC |
||
| 999 |
_c331815 _d331815 |
||